Statistics for hard geography and history quiz

Click here to take the quiz!

General Stats

  • This quiz has been taken 41 times
  • The average score is 3 of 5

Answer Stats

QuestionAnswer% Correct
What happened throughout the years (1929–1939)great depression
97%
How many countries have triangular flags?1
86%
When did Leonardo da vinci paint the Mona Lisa?1503-1519
83%
When was Mozart born?January 27, 1756
26%
What is the oldest country n the world?Iran
23%

Score Distribution

Percentile by Number Answered

Percent of People with Each Score

Your Score History

You have not taken this quiz